[Event "VIII Lorca Open-A 2019"]
[Site "Lorca"]
[Date "2019.12.28"]
[Round "4.1"]
[White "Grigoryan, Karen H."]
[Black "Narciso Dublan, Marc"]
[Result "1/2-1/2"]
[WhiteElo "2621"]
[BlackElo "2516"]
[Annotator "RC"]
[PlyCount "57"]
[EventDate "2019.12.26"]
[EventType "swiss"]
[EventCountry "ESP"]
[SourceTitle "playchess.com"]
[Source "ChessBase"]
[SourceQuality "1"]
[TimeControl "5400+30"]

1. e4 {[%emt 0:02:57]} c6 {[%emt 0:00:00]} 2. d4 {[%emt 0:00:07]} d5 {[%emt 0:00:05]} 3. e5 {[%emt 0:00:04]} Bf5 {[%emt 0:00:21]} 4. h4 {[%emt 0:01:21]} h5 {[%emt 0:00:16]} 5. c4 {[%emt 0:00:06]} e6 {[%emt 0:00:24]} 6. Nc3 {[%emt 0:00:06]} Nd7 {[%emt 0:01:06]} 7. Nf3 {[%emt 0:03:06]} Ne7 {[%emt 0:07:35]} 8. Bg5 {[%emt 0:01:28]} f6 {[%emt 0:00:58]} 9. Be3 {[%emt 0:02:24]} Bg4 {[%emt 0:02:15]} 10. Qc2 {[%emt 0:21:36]} Qc7 {[%emt 0:00:30]} 11. cxd5 {[%emt 0:00:30]} cxd5 {[%emt 0:00:30]} 12. Qa4 {[%emt 0:00:30]} Nc6 {[%emt 0:00:30]} 13. Bd3 {[%emt 0:00:30]} Kf7 {[%emt 0:00:30]} 14. Qc2 {[%emt 0:00:30]} Bxf3 {[%emt 0:00:30]} 15. Bg6+ {[%emt 0:00:30]} Kg8 {[%emt 0:00:30]} 16. exf6 {[%emt 0:00:30]} Nxf6 {[%emt 0:00:30]} 17. gxf3 {[%emt 0:00:30]} Bb4 {[%emt 0:00:30]} 18. a3 {[%emt 0:00:30]} Bxc3+ {[%emt 0:00:30]} 19. Qxc3 {[%emt 0:00:30]} Qd7 {[%emt 0:00:30]} 20. Rc1 {[%emt 0:00:30]} Rf8 {[%emt 0:00:30]} 21. Rg1 {[%emt 0:00:30]} Ne8 {[%emt 0:00:30]} 22. Rg5 {[%emt 0:00:30]} Nd6 {[%emt 0:00:30]} 23. Ke2 {[%emt 0:00:30]} Ne7 {[%emt 0:00:30]} 24. Bxh5 {[%emt 0:00:30]} Rc8 {[%emt 0:00:30]} 25. Qd3 {[%emt 0:00:30]} Rxc1 {[%emt 0:00:30]} 26. Bxc1 {[%emt 0:00:30]} Nef5 {[%emt 0:00:30]} 27. Be3 {[%emt 0:00:30]} Nf7 {[%emt 0:00:30]} 28. Bxf7+ {[%emt 0:00:30]} Qxf7 {[%emt 0:00:30]} 29. h5 {[%emt 0:00:30]} 1/2-1/2

[Event "VIII Lorca Open-A 2019"]
[Site "Lorca"]
[Date "2019.12.28"]
[Round "4.2"]
[White "Sosa, Tomas"]
[Black "Bernadskiy, Vitaliy"]
[Result "0-1"]
[WhiteElo "2520"]
[BlackElo "2593"]
[Annotator "TA"]
[PlyCount "64"]
[EventDate "2019.12.26"]
[EventType "swiss"]
[EventCountry "ESP"]
[SourceTitle "playchess.com"]
[Source "ChessBase"]
[SourceQuality "1"]

{[%evp 12,64,26,12,28,20,20,0,7,-16,-25,-21,0,-66,-60,-64,-46,-77,-74,-80,-86,-76,-64,-145,-138,-183,-193,-183,-181,-182,-184,-187,-196,-185,-188,-286,-287,-220,-118,-210,-221,-616,-612,-587,-429,-427,-379,-406,-374,-488,-488,-488,-488,-789,-766]} 1. e4 c5 2. Nf3 Nc6 3. Bb5 g6 4. Bxc6 dxc6 5. h3 Bg7 6. d3 b6 7. Nc3 Nh6 {B31: Sicilian: 2...Nc6 3 Bb5 g6} 8. Bf4 f6 $1 9. Qd2 $146 ({Predecessor:} 9. e5 O-O 10. O-O Nf5 11. Re1 a5 12. exf6 exf6 13. Qd2 Ra7 14. Ne4 Rd7 15. b3 {1-0 (84) Fressinet,L (2662)-Alekseev,E (2616) Katowice 2017}) 9... Nf7 {The position is equal.} 10. a3 (10. e5 $5) 10... e5 11. Be3 O-O 12. b4 (12. O-O-O $11) 12... f5 $15 {...f4 is the strong threat.} 13. Qe2 f4 14. Bc1 cxb4 15. axb4 b5 16. O-O h5 17. Rd1 (17. Nh2 $15) 17... g5 $17 18. d4 g4 ({Don't do} 18... exd4 19. e5 $17) 19. Nxe5 Nxe5 20. dxe5 Qg5 21. h4 Qxe5 (21... Qxh4 {[#]} 22. Bxf4 $1 {[%mdl 512]} Rxf4 23. g3 $16) 22. Bb2 Qe7 23. e5 (23. Qd3 {is a better defense.}) 23... Qxh4 $19 {[#] White must now prevent ...g3.} 24. Rd4 {Now Qe4 and White clings on.} Be6 (24... f3 $19 25. g3 Qh3) 25. Ne4 (25. Qe4 $17 {was worth a try.} Rae8 26. Rxa7) 25... f3 $40 {[%mdl 128] Black has strong attack.} ({And not} 25... Bxe5 26. Nc5 $11) 26. gxf3 $2 (26. Qd2) 26... gxf3 ({Inferior is} 26... Bxe5 27. Ng3 $11) 27. Qd3 {Hoping for Nf6+!} Qh3 {[%csl Gf3][%cal Rh3g2]} 28. Qf1 Qxf1+ 29. Rxf1 Bxe5 30. Ng5 Bxd4 {Black is clearly winning.} 31. Bxd4 Bd5 {Strongly threatening ...Rf4.} 32. Kh2 (32. Be3 $142) 32... Rf4 {Accuracy: White = 26%, Black = 70%.} 0-1

[Event "VIII Lorca Open-A 2019"]
[Site "Lorca"]
[Date "2019.12.28"]
[Round "4.3"]
[White "Marin, Mihail"]
[Black "Krysa, Leandro"]
[Result "1/2-1/2"]
[WhiteElo "2496"]
[BlackElo "2527"]
[Annotator "ChessBase"]
[PlyCount "76"]
[EventDate "2019.12.26"]
[EventType "swiss"]
[EventCountry "ESP"]
[SourceTitle "playchess.com"]
[Source "ChessBase"]
[SourceQuality "1"]
[TimeControl "5400+30"]

1. f4 {[%emt 0:00:00]} d5 {[%emt 0:00:47]} 2. Nf3 {[%emt 0:00:00]} Nf6 {[%emt 0:00:27]} 3. g3 {[%emt 0:00:00]} g6 {[%emt 0:00:12]} 4. Bg2 {[%emt 0:00:02]} Bg7 {[%emt 0:00:08]} 5. O-O {[%emt 0:00:06]} O-O {[%emt 0:00:06]} 6. d3 {[%emt 0:00:11]} c5 {[%emt 0:01:08]} 7. Qe1 {[%emt 0:00:07]} d4 {[%emt 0:01:12]} 8. Na3 {[%emt 0:00:19]} Nc6 {[%emt 0:00:33]} 9. c4 {[%emt 0:00:05]} Re8 {[%emt 0:00:45]} 10. Rb1 {[%emt 0:11:14]} Nb4 {[%emt 0:00:12]} 11. Bd2 {[%emt 1:23:26]} a5 12. Ra1 e5 13. fxe5 Ng4 14. h3 Nxe5 15. Nxe5 Rxe5 16. Qd1 Qe7 17. Rf2 Bd7 18. Bf4 Re8 19. Bxe5 Bxe5 20. g4 Bg3 21. Rf3 Bb8 22. Nc2 Nxc2 23. Qxc2 Bc6 24. Raf1 Qe5 25. R1f2 Qh2+ 26. Kf1 Bxf3 27. Rxf3 Bf4 28. Qa4 Rf8 29. Qxa5 Be3 30. Rf2 Bxf2 31. Kxf2 f5 32. g5 Qf4+ 33. Bf3 Qxg5 34. Qxc5 Qe3+ 35. Kg2 Qg5+ 36. Kf2 Qe3+ 37. Kg2 Qg5+ 38. Kf2 {[%emt 0:00:00]} Qe3+ {[%emt 0:13:44]} 1/2-1/2

[Event "VIII Lorca Open-A 2019"]
[Site "Lorca"]
[Date "2019.12.28"]
[Round "4.4"]
[White "Bjerre, Jonas Buhl"]
[Black "Real De Azua, Ernesto"]
[Result "1/2-1/2"]
[WhiteElo "2526"]
[BlackElo "2450"]
[Annotator "ChessBase"]
[PlyCount "45"]
[EventDate "2019.12.26"]
[EventType "swiss"]
[EventCountry "ESP"]
[SourceTitle "playchess.com"]
[Source "ChessBase"]
[SourceQuality "1"]
[TimeControl "5400+30"]

1. e4 {[%emt 1:30:30]} c6 {[%emt 1:30:30]} 2. d4 {[%emt 0:00:30]} d5 {[%emt 0:00:30]} 3. e5 {[%emt 0:00:30]} Bf5 {[%emt 0:00:30]} 4. Nd2 {[%emt 0:00:30]} e6 {[%emt 0:00:30]} 5. Nb3 {[%emt 0:00:30]} Nd7 {[%emt 0:00:30]} 6. Nf3 {[%emt 0:00:30]} a6 {[%emt 0:00:30]} 7. Be3 {[%emt 0:00:30]} Rc8 {[%emt 0:00:30]} 8. Be2 {[%emt 0:00:30]} c5 {[%emt 0:00:30]} 9. c3 {[%emt 0:00:30]} c4 {[%emt 0:00:30]} 10. Nbd2 {[%emt 0:00:30]} h6 {[%emt 0:00:30]} 11. O-O {[%emt 0:00:30]} Bh7 {[%emt 0:00:30]} 12. Ne1 {[%emt 0:00:30]} Ne7 13. f4 b5 14. a3 Nb6 15. g4 h5 16. h3 hxg4 17. hxg4 Be4 18. Bf3 Bxf3 19. Ndxf3 f5 20. exf6 gxf6 21. Ng2 Kd7 22. Qe2 Qe8 23. Bf2 1/2-1/2

[Event "VIII Lorca Open-A 2019"]
[Site "Lorca"]
[Date "2019.12.28"]
[Round "4.5"]
[White "Peng, Li Min"]
[Black "Maiorov, Nikita"]
[Result "1/2-1/2"]
[WhiteElo "2451"]
[BlackElo "2523"]
[Annotator "RC"]
[PlyCount "30"]
[EventDate "2019.12.26"]
[EventType "swiss"]
[EventCountry "ESP"]
[SourceTitle "playchess.com"]
[Source "ChessBase"]
[SourceQuality "1"]
[TimeControl "5400+30"]

1. Nf3 {[%emt 1:30:30]} Nf6 {[%emt 0:03:23]} 2. c4 {[%emt 0:00:00]} e6 {[%emt 0:00:31]} 3. g3 {[%emt 0:00:00]} d5 {[%emt 0:00:59]} 4. Bg2 {[%emt 0:00:00]} Be7 {[%emt 0:00:10]} 5. O-O {[%emt 0:00:00]} O-O {[%emt 0:00:05]} 6. b3 {[%emt 0:00:00]} b6 {[%emt 0:00:38]} 7. e3 {[%emt 0:00:00]} Bb7 {[%emt 0:00:06]} 8. Nc3 {[%emt 0:00:00]} c5 {[%emt 0:01:16]} 9. Bb2 {[%emt 0:00:00]} dxc4 {[%emt 0:02:04]} 10. bxc4 {[%emt 0:00:00]} Nc6 {[%emt 0:00:09]} 11. Qe2 {[%emt 0:00:00]} a6 {[%emt 0:03:49]} 12. d4 {[%emt 0:00:00]} cxd4 {[%emt 0:05:19]} 13. exd4 {[%emt 0:00:00]} Na5 {[%emt 0:00:20]} 14. Nd1 {[%emt 0:00:00]} b5 15. c5 {[%emt 0:00:00]} Nc4 1/2-1/2

[Event "VIII Lorca Open-A 2019"]
[Site "Lorca"]
[Date "2019.12.28"]
[Round "4.6"]
[White "Raja Harshit"]
[Black "Lopez Martinez, Josep Manuel"]
[Result "*"]
[WhiteElo "2447"]
[BlackElo "2561"]
[Annotator "ChessBase"]
[PlyCount "36"]
[EventDate "2019.12.26"]
[EventType "swiss"]
[EventCountry "ESP"]
[SourceTitle "playchess.com"]
[Source "ChessBase"]
[SourceQuality "1"]
[TimeControl "5400+30"]

1. e4 {[%emt 1:30:30]} c6 {[%emt 1:30:30]} 2. Nc3 {[%emt 0:00:30]} d5 {[%emt 0:00:30]} 3. Nf3 {[%emt 0:00:30]} Bg4 {[%emt 0:00:30]} 4. h3 {[%emt 0:00:30]} Bxf3 {[%emt 0:00:30]} 5. Qxf3 {[%emt 0:00:30]} e6 {[%emt 0:00:30]} 6. Be2 {[%emt 0:00:30]} Nf6 {[%emt 0:00:30]} 7. O-O {[%emt 0:00:30]} Bb4 {[%emt 0:00:30]} 8. e5 {[%emt 0:00:30]} Ng8 {[%emt 0:00:30]} 9. Qg4 {[%emt 0:00:30]} Bf8 {[%emt 0:00:30]} 10. d4 Nd7 11. Bd3 g6 12. Ne2 Qb6 13. c4 dxc4 14. Bxc4 Ne7 15. a4 a5 16. Ra3 Nf5 17. Rf3 Qb4 18. b3 Nb8 {[%emt 0:04:30]} *

[Event "VIII Lorca Open-A 2019"]
[Site "Lorca"]
[Date "2019.12.28"]
[Round "4.6"]
[White "Raja Harshit"]
[Black "Lopez Martinez, Josep Manuel"]
[Result "0-1"]
[WhiteElo "2447"]
[BlackElo "2561"]
[Annotator "RC"]
[PlyCount "80"]
[EventDate "2019.12.26"]
[EventType "swiss"]
[EventCountry "ESP"]
[SourceTitle "playchess.com"]
[Source "ChessBase"]
[SourceQuality "1"]
[TimeControl "5400+30"]

1. e4 {[%emt 1:30:30]} c6 {[%emt 1:30:30]} 2. Nc3 {[%emt 0:00:30]} d5 {[%emt 0:00:30]} 3. Nf3 {[%emt 0:00:30]} Bg4 {[%emt 0:00:30]} 4. h3 {[%emt 0:00:30]} Bxf3 {[%emt 0:00:30]} 5. Qxf3 {[%emt 0:00:30]} e6 {[%emt 0:00:30]} 6. Be2 {[%emt 0:00:30]} Nf6 {[%emt 0:00:30]} 7. O-O {[%emt 0:00:30]} Bb4 {[%emt 0:00:30]} 8. e5 {[%emt 0:00:30]} Ng8 {[%emt 0:00:30]} 9. Qg4 {[%emt 0:00:30]} Bf8 {[%emt 0:00:30]} 10. d4 Nd7 11. Bd3 g6 12. Ne2 Qb6 13. c4 dxc4 14. Bxc4 Ne7 15. a4 a5 16. Ra3 Nf5 17. Rf3 Qb4 18. b3 Nb6 19. Bg5 Nxc4 20. bxc4 Qxc4 21. Nc3 h6 22. Bf6 h5 23. Qe4 Bg7 24. Bxg7 Nxg7 25. Qb1 Nf5 26. Ne4 O-O 27. Nf6+ Kg7 28. Nd7 Nxd4 29. Re3 Rfd8 30. Nb6 Qb4 31. Nxa8 Rxa8 32. Rc1 Rd8 33. Qa2 Rd5 34. Re4 Qb3 35. Qxb3 Nxb3 36. Rce1 Nc5 37. Rc4 b5 38. Rc2 b4 39. Rec1 Nxa4 40. Rxc6 Nc3 0-1

[Event "VIII Lorca Open-A 2019"]
[Site "Lorca"]
[Date "2019.12.28"]
[Round "4.7"]
[White "Sivuk, Vitaly"]
[Black "Martinez Fernandez, Adrian"]
[Result "1-0"]
[WhiteElo "2588"]
[BlackElo "2354"]
[Annotator "TA"]
[PlyCount "161"]
[EventDate "2019.12.26"]
[EventType "swiss"]
[EventCountry "ESP"]
[SourceTitle "playchess.com"]
[Source "ChessBase"]
[SourceQuality "1"]

{[%evp 16,165,25,23,18,20,27,21,27,31,23,46,105,45,31,45,41,34,91,72,89,83,118,124,115,116,122,111,110,94,116,114,106,70,139,116,137,137,137,137,137,138,137,139,152,89,95,95,95,87,89,89,87,73,65,64,91,43,103,103,120,103,124,70,70,3,71,70,75,80,95,94,95,65,78,102,91,102,157,287,281,289,279,268,425,420,412,387,379,358,706,593,444,571,549,502,906,546,4302,3635,1683,2860,2464,1631,2420,2403,2737,2548,29960,29961,29963,29965,29966,29967,29969,29971,29976,29974,29974,29975,29975,29976,29982,29983,29990,29977,29976,29978,29981,29982,29982,29972,29972,29973,29973,29974,29982,29983,29987,29988,29988,29989,29989,29990,29990,29991,29993,29989,29989,29990,29990,29991]} 1. d4 d5 2. c4 dxc4 3. Nf3 Nf6 4. e3 e6 5. Bxc4 a6 $146 ({Predecessor:} 5... c5 6. O-O {½-½ (11) Blagojevic,D (2532)-Kuzubov,Y (2603) Plovdiv 2008}) 6. O-O c5 7. b3 Nc6 8. Bb2 cxd4 9. Nxd4 Nxd4 {D27: Queen's Gambit Accepted: Classical main line: 7 e4!? and 7 a4} 10. Bxd4 Bd6 11. Nd2 Qe7 {The position is equal.} 12. Be2 O-O 13. Nc4 Bc5 (13... e5 $14 14. Nxd6 Qxd6) 14. Rc1 (14. Bf3 $16) 14... Bd7 $14 15. Bf3 Bxd4 $1 16. Qxd4 Rad8 (16... Bb5 $14) 17. Qd6 $36 {[%mdl 2048] White is really pushing.} Qxd6 18. Nxd6 Bc6 19. Nxb7 Bxb7 20. Bxb7 Rd7 21. Bxa6 {Strongly threatening a4.} Ra7 22. Rc6 {Threatens to win with a4.} Nd5 23. Bc4 Rxa2 24. g3 Rb2 (24... Nf6 $14) 25. Ra1 g6 26. Bxd5 $1 exd5 {[%mdl 4096] Endgame KRR-KRR} 27. Rb6 d4 28. exd4 Rd2 29. Ra4 Rd8 30. Rc6 (30. Ra7 $142 $1) 30... R8xd4 31. Rxd4 Rxd4 {KR-KR} 32. Rc1 Kf8 33. Kf1 Rd2 34. Re1 Rb2 35. Re3 g5 36. g4 f5 ({Black should play} 36... h5 $14) 37. Rf3 f4 {[#]} 38. h4 $1 {[%mdl 512]} h6 (38... gxh4 39. Rxf4+) 39. h5 ({White should try} 39. hxg5 $16 hxg5 40. Kg2) 39... Ke7 40. Rd3 ({Better is} 40. Rc3 $14) 40... Ke6 (40... Rb1+ $1 $11 {keeps the balance.} 41. Kg2 Rb2) 41. f3 Ke5 42. Ke1 $1 Ra2 43. Kd1 $1 Ra8 44. Kc2 Rb8 $1 45. Rd7 Rc8+ 46. Kb2 Rb8 47. Re7+ (47. Rd1 $16) 47... Kd4 48. Kc2 $1 Rc8+ 49. Kd2 Rb8 (49... Rc6 {was called for.} 50. Rd7+ Ke5) 50. Re4+ $1 $18 Kd5 {[#]} 51. Kc3 $1 Rc8+ {[#]} 52. Rc4 $1 {[%cal Rc4c8]} Rb8 $2 (52... Ra8 53. Ra4 Rc8+ 54. Kd3 Rc6 55. Ra5+ Ke6) 53. b4 Ra8 {With the idea ...Ra3+.} 54. Rc5+ Kd6 {intending ...Ra3+.} 55. Kd4 Ra1 (55... Ra4 $142 56. Rd5+ Kc7) 56. Ra5 Re1 57. Ra6+ Ke7 58. Rxh6 Re3 59. Rg6 Rxf3 60. Rxg5 Rb3 61. Ke4 Rxb4+ 62. Kf3 {White mates.} Kf6 63. Rf5+ Kg7 64. g5 Rb1 65. Ra5 Rh1 66. Kg4 f3 67. h6+ Kg6 68. Ra6+ Kh7 69. Ra7+ Kh8 70. Rf7 Kg8 71. Rxf3 Rg1+ 72. Kh5 Ra1 73. Rb3 Ra5 74. Rb7 Kh8 75. Re7 Rb5 76. Kg6 {[%cal Re7e8]} Rb8 77. Kf6 Rf8+ 78. Rf7 Rb8 79. g6 Rb6+ 80. Kg5 {[%cal Rf7f8]} Rb8 {[#]} 81. Rf5 {Played: Rf7-f8} 1-0

[Event "VIII Lorca Open-A 2019"]
[Site "Lorca"]
[Date "2019.12.28"]
[Round "4.8"]
[White "Klekowski, Maciej"]
[Black "Pogorelov, Ruslan"]
[Result "1/2-1/2"]
[WhiteElo "2514"]
[BlackElo "2377"]
[Annotator "TA"]
[PlyCount "31"]
[EventDate "2019.12.26"]
[EventType "swiss"]
[EventCountry "ESP"]
[SourceTitle "playchess.com"]
[Source "ChessBase"]
[SourceQuality "1"]

{[%evp 18,31,-29,-21,0,-12,-18,-8,-20,-21,-7,-13,-20,-75,-10,-28]} 1. c4 c5 2. Nc3 g6 3. Nf3 Bg7 4. d4 cxd4 5. Nxd4 Nc6 6. Nc2 Bxc3+ 7. bxc3 Qa5 8. Bd2 d6 9. e4 Nf6 10. f3 Be6 {B37: Sicilian: Maroczy Bind with 5...Bg7, sidelines} 11. Nb4 Ne5 12. Nd5 Rc8 13. Qb3 b6 {[#]} 14. a4 $146 ({Predecessor:} 14. Qb5+ Qxb5 15. Nxf6+ exf6 16. cxb5 Bc4 17. a4 Ke7 18. Bxc4 Nxc4 19. Ke2 Na5 20. Rab1 Rc5 21. Rhd1 Rhc8 22. Rb4 Nc4 23. Be1 f5 24. Bf2 Re5 25. Rd4 {½-½ (25) Tazbir,M (2519)-Kolosowski,M (2474) Czechia 2014}) 14... Nfd7 15. Qb5 (15. Be2 $11 {remains equal.}) 15... Nc6 (15... a6 $17 16. Qb3 f5) 16. Qb1 1/2-1/2

[Event "VIII Lorca Open-A 2019"]
[Site "Lorca"]
[Date "2019.12.28"]
[Round "5.1"]
[White "Bernadskiy, Vitaliy"]
[Black "Grigoryan, Karen H."]
[Result "1/2-1/2"]
[WhiteElo "2593"]
[BlackElo "2621"]
[Annotator "ChessBase"]
[PlyCount "34"]
[EventDate "2019.12.26"]
[EventType "swiss"]
[EventCountry "ESP"]
[SourceTitle "playchess.com"]
[Source "ChessBase"]
[SourceQuality "1"]
[TimeControl "5400+30"]

1. e4 {[%emt 0:00:00]} c5 {[%emt 0:00:17]} 2. Nf3 {[%emt 0:00:00]} e6 {[%emt 0:00:16]} 3. d4 {[%emt 0:00:05]} cxd4 {[%emt 0:00:05]} 4. Nxd4 {[%emt 0:00:03]} Nc6 {[%emt 0:00:05]} 5. Nc3 {[%emt 0:00:09]} Qc7 {[%emt 0:00:07]} 6. Be3 {[%emt 0:02:15]} a6 {[%emt 0:00:26]} 7. Qd2 {[%emt 0:00:04]} Nf6 {[%emt 0:00:05]} 8. f4 {[%emt 0:00:36]} Bb4 {[%emt 0:03:35]} 9. Bd3 {[%emt 0:00:05]} Na5 {[%emt 0:02:18]} 10. a3 {[%emt 0:00:19]} Bxc3 {[%emt 0:00:08]} 11. Qxc3 {[%emt 0:00:04]} Qxc3+ {[%emt 0:00:05]} 12. bxc3 {[%emt 0:00:02]} d5 {[%emt 0:00:23]} 13. exd5 {[%emt 0:00:50]} exd5 {[%emt 0:01:10]} 14. Nb3 {[%emt 0:02:24]} Nc4 {[%emt 0:04:03]} 15. Bd4 {[%emt 0:01:16]} Ne4 {[%emt 0:02:06]} 16. Bxe4 {[%emt 0:06:18]} dxe4 {[%emt 0:00:14]} 17. Nd2 {[%emt 0:00:04]} Nxd2 {[%emt 0:01:25]} 1/2-1/2

[Event "VIII Lorca Open-A 2019"]
[Site "Lorca"]
[Date "2019.12.28"]
[Round "5.2"]
[White "Real De Azua, Ernesto"]
[Black "Sivuk, Vitaly"]
[Result "0-1"]
[WhiteElo "2450"]
[BlackElo "2588"]
[Annotator "TA"]
[PlyCount "146"]
[EventDate "2019.12.26"]
[EventType "swiss"]
[EventCountry "ESP"]
[SourceTitle "playchess.com"]
[Source "ChessBase"]
[SourceQuality "1"]

{[%evp 9,146,27,27,28,31,37,31,22,35,33,33,30,28,28,29,29,29,29,28,32,28,27,39,38,32,0,0,0,14,0,0,0,0,-6,-7,-14,-14,-14,-14,-14,-11,-9,-6,-8,-10,-21,-26,-38,-24,-15,0,-61,0,0,0,0,0,0,0,0,0,0,0,0,0,0,0,0,0,0,0,0,0,0,25,-73,-80,-89,-81,-81,-18,-20,0,-350,-347,-974,-997,-973,-921,-921,0,0,0,0,0,0,0,0,0,0,0,0,0,0,0,0,0,0,0,-12851,-12851,-12851,-12851,-12851,-12851,-12851,-12851,-12851,0,0,0,0,0,0,0,-12851,-12851,-12851,-12851,-12851,-12851,-12851,-12851,-12851,-12851,-12851,-12851,-27999,-27999]} 1. d4 Nf6 2. c4 e6 3. Nf3 d5 4. Nc3 a6 5. cxd5 exd5 6. Bg5 {D37: Queen's Gambit Declined: 5 Bf4} Be6 7. e3 Nbd7 8. Bd3 {White is slightly better.} Bd6 9. O-O O-O 10. h3 c6 11. Bf4 Qc7 12. Bxd6 Qxd6 13. a3 $146 ({Predecessor:} 13. Qc2 Rfe8 {½-½ (33) Sebenik,M (2562)-Ni,H (2670) chess.com INT 2018}) 13... h6 14. Qc2 a5 15. Rac1 Rfe8 16. Nd2 Nb6 17. Na4 Nxa4 18. Qxa4 Qd7 19. Rfe1 Bf5 20. Bxf5 Qxf5 21. Rc5 Qd3 22. Qc2 Qxc2 23. Rxc2 a4 24. Rb1 Re7 25. Kf1 Ne8 26. Ke2 Nd6 27. Kd3 g5 28. Rh1 Kg7 29. h4 f6 30. Rcc1 ({Better is} 30. hxg5 $11 fxg5 31. Rcc1) 30... Ra5 (30... g4 $1 $15) 31. hxg5 $11 hxg5 32. Rh3 Rb5 33. Kc2 c5 34. Rch1 Kf7 35. Rh7+ Ke6 36. Rxe7+ Kxe7 37. dxc5 Rxc5+ {[%mdl 4096] Endgame KRN-KRN} 38. Kd3 Rb5 39. Rh7+ Kf8 40. Kc2 g4 41. Rd7 Nf5 42. Nb1 (42. e4 $11 Nd4+ 43. Kb1) 42... g3 $17 43. fxg3 Nxe3+ 44. Kd3 Ke8 ({Reject} 44... Nxg2 $6 45. Nc3 $11) (44... Rxb2 $17 45. Kxe3 Rxb1) 45. Rh7 $11 Rxb2 46. Nc3 $2 {[%mdl 8192] [#]} (46. Kxe3 $11 Rxb1 47. Kd4) 46... Rb3 $19 ({And not} 46... Nxg2 47. Nxd5 Rb3+ 48. Kd4 $11) 47. Kxe3 $2 (47. Rh1 d4 {[%mdl 64] Decoy} 48. Kxd4 Nc2+ 49. Kd3 Nxa3 50. Kd4) 47... Rxc3+ {KR-KR} 48. Kd4 Rxa3 49. Rxb7 Ra1 $2 ({Black should try} 49... Rxg3 $19 50. Ra7 Rxg2 51. Kxd5 Rg4) 50. Ra7 $1 $11 a3 51. Kc3 $1 Re1 52. Kd4 Ra1 53. Kc3 $1 a2 {[#] Strongly threatening ...d4+!} 54. Kb2 $1 {[%cal Rb2a1]} Rg1 {White must now prevent ...d4.} 55. Kxa2 Rxg2+ 56. Kb3 Rxg3+ $2 {[%mdl 8192]} (56... d4 $11) 57. Kb4 $19 Kf8 $2 {[%mdl 8192]} (57... f5 $11 58. Kc5 Rd3) 58. Kc5 Rg7 $2 {[%mdl 8192]} (58... Rd3 $11) 59. Ra8+ $2 {[%mdl 8192]} (59. Ra4 $11) 59... Kf7 60. Ra7+ Kg6 61. Ra1 Rd7 62. Rg1+ Kf5 63. Kd4 Rd6 $2 (63... Ra7 $19 {...Ke6 is the strong threat.} 64. Kxd5 Ra4) 64. Rf1+ $11 Kg5 65. Rg1+ Kf4 66. Rf1+ Kg4 67. Kc5 $2 {[%mdl 8192]} (67. Rg1+ $11 Kf4 68. Ra1) 67... Rd8 $19 68. Kd4 f5 69. Rg1+ Kf4 70. Rf1+ Kg5 71. Rg1+ Kf6 72. Rf1 Ra8 73. Kxd5 Ra4 {Accuracy: White = 60%, Black = 61%.} 0-1

[Event "VIII Lorca Open-A 2019"]
[Site "Lorca"]
[Date "2019.12.28"]
[Round "5.3"]
[White "Lopez Martinez, Josep Manuel"]
[Black "Marin, Mihail"]
[Result "1/2-1/2"]
[WhiteElo "2561"]
[BlackElo "2496"]
[Annotator "RC"]
[PlyCount "101"]
[EventDate "2019.12.26"]
[EventType "swiss"]
[EventCountry "ESP"]
[SourceTitle "playchess.com"]
[Source "ChessBase"]
[SourceQuality "1"]
[TimeControl "5400+30"]

1. d4 {[%emt 0:04:29]} f5 {[%emt 0:00:00]} 2. g3 {[%emt 0:03:25]} Nf6 {[%emt 0:00:00]} 3. Bg2 {[%emt 0:00:09]} g6 {[%emt 0:00:00]} 4. Nf3 {[%emt 0:01:07]} Bg7 {[%emt 0:00:03]} 5. O-O {[%emt 0:00:32]} O-O {[%emt 0:00:06]} 6. b3 {[%emt 0:01:33]} d6 {[%emt 0:00:07]} 7. Bb2 {[%emt 0:00:07]} Qe8 {[%emt 0:00:05]} 8. Nbd2 {[%emt 0:00:24]} Nc6 {[%emt 0:00:05]} 9. Nc4 {[%emt 0:02:47]} e6 {[%emt 0:03:24]} 10. a4 {[%emt 0:00:41]} a5 {[%emt 0:00:20]} 11. Ne1 {[%emt 0:02:39]} b6 {[%emt 0:06:16]} 12. Nd3 {[%emt 0:03:30]} Bb7 {[%emt 0:00:09]} 13. Na3 {[%emt 0:00:57]} Qc8 {[%emt 0:03:23]} 14. c4 {[%emt 0:07:27]} Nd8 {[%emt 0:06:07]} 15. f3 {[%emt 0:01:49]} Nf7 {[%emt 0:02:19]} 16. Qc2 {[%emt 0:00:36]} Re8 {[%emt 0:03:29]} 17. Rae1 {[%emt 0:01:10]} e5 {[%emt 0:01:08]} 18. d5 {[%emt 0:02:34]} c6 {[%emt 0:07:32]} 19. dxc6 {[%emt 0:04:08]} Bxc6 {[%emt 0:04:22]} 20. e4 {[%emt 0:00:12]} Qb7 {[%emt 0:02:21]} 21. Nb5 {[%emt 0:01:05]} Rad8 {[%emt 0:03:38]} 22. Nc3 {[%emt 0:08:49]} Ng5 {[%emt 0:04:35]} 23. Nd5 {[%emt 0:01:33]} Nxd5 {[%emt 0:02:57]} 24. exd5 {[%emt 0:00:33]} Bd7 {[%emt 0:00:06]} 25. f4 {[%emt 0:01:27]} Nf7 {[%emt 0:06:53]} 26. Qf2 {[%emt 0:08:05]} e4 {[%emt 0:04:34]} 27. Bxg7 {[%emt 0:00:30]} Kxg7 {[%emt 0:00:04]} 28. Qb2+ {[%emt 0:03:31]} Kg8 {[%emt 0:00:06]} 29. Nc1 {[%emt 0:00:31]} Qc7 {[%emt 0:02:02]} 30. Ne2 {[%emt 0:00:10]} Rc8 {[%emt 0:01:24]} 31. Nd4 {[%emt 0:00:18]} Qd8 {[%emt 0:00:38]} 32. Kh1 {[%emt 0:00:56]} Qf6 {[%emt 0:00:47]} 33. Qf2 {[%emt 0:00:52]} Nd8 {[%emt 0:02:42]} 34. g4 {[%emt 0:01:20]} Nb7 {[%emt 0:02:14]} 35. gxf5 {[%emt 0:03:12]} gxf5 {[%emt 0:04:46]} 36. Qe3 {[%emt 0:00:31]} Nc5 {[%emt 0:00:51]} 37. Rg1 {[%emt 0:00:23]} Kh8 {[%emt 0:10:06]} 38. Bf1 {[%emt 0:00:32]} Rg8 {[%emt 0:00:28]} 39. Be2 {[%emt 0:02:04]} Rxg1+ {[%emt 0:02:19]} 40. Rxg1 {[%emt 0:01:16]} Rg8 {[%emt 0:00:17]} 41. Rxg8+ {[%emt 0:00:41]} Kxg8 {[%emt 0:00:06]} 42. Kg1 {[%emt 0:01:22]} Kf8 {[%emt 0:02:06]} 43. Kg2 {[%emt 0:13:20]} Qh4 {[%emt 0:01:35]} 44. Qf2 {[%emt 0:01:52]} Qxf2+ {[%emt 0:02:16]} 45. Kxf2 {[%emt 0:00:13]} Ke7 {[%emt 0:00:16]} 46. Ke3 {[%emt 0:02:15]} Kf6 {[%emt 0:00:38]} 47. Kd2 {[%emt 0:00:20]} Ke7 {[%emt 0:03:03]} 48. Kc3 {[%emt 0:01:09]} Kf6 {[%emt 0:00:47]} 49. Kd2 {[%emt 0:03:08]} Ke7 {[%emt 0:00:11]} 50. Kc3 {[%emt 0:00:12]} Kf6 {[%emt 0:00:59]} 51. Kd2 {[%emt 0:00:10]} 1/2-1/2